|
|
|
|
| LEADER |
00000cam a2200000 c 4500 |
| 001 |
1115082639 |
| 003 |
DE-627 |
| 005 |
20240817193255.0 |
| 007 |
tu |
| 008 |
950428s1959 xx ||||| 00| ||ger c |
| 016 |
7 |
|
|a 450349950
|2 DE-101
|
| 035 |
|
|
|a (DE-627)1115082639
|
| 035 |
|
|
|a (DE-576)045082634
|
| 035 |
|
|
|a (DE-599)BSZ045082634
|
| 035 |
|
|
|a (OCoLC)73250699
|
| 035 |
|
|
|a (OCoLC)73250699
|
| 040 |
|
|
|a DE-627
|b ger
|c DE-627
|e rakwb
|
| 041 |
|
|
|a ger
|h rus
|
| 044 |
|
|
|c XA-DDDE
|
| 084 |
|
|
|a 09a
|2 sdnb
|
| 084 |
|
|
|a 2,1
|2 ssgn
|
| 084 |
|
|
|a DX 4500
|2 rvk
|0 (DE-625)rvk/20322:227
|
| 084 |
|
|
|a KK 8510
|2 rvk
|0 (DE-625)rvk/77896:
|
| 084 |
|
|
|a KK 6481
|2 rvk
|0 (DE-625)rvk/77706:11642
|
| 100 |
1 |
|
|a Belych, Grigorij G.
|d 1906-1938
|0 (DE-588)104747242
|0 (DE-627)480390738
|0 (DE-576)160237564
|4 aut
|
| 109 |
|
|
|a Belych, Grigorij G. 1906-1938
|a Belych, Grigorij Georgievič 1906-1938
|a Belych, Grigorij 1906-1938
|a Belych, G. 1906-1938
|a Bjelych, Grigori 1906-1938
|a Bjelych, Grigorij 1906-1938
|a Bjelych, G. 1906-1938
|a Bjelykh, G. 1906-1938
|
| 240 |
1 |
0 |
|a Respublika Škid <dt.>
|
| 245 |
1 |
0 |
|a Schkid
|b die Republik der Strolche
|c G. Bjelych; L. Pantelejew. Ill. von Eberhard Binder. Aus d. Russ. übers. Lieselotte Remané
|
| 246 |
1 |
|
|i Nebent.
|a Die Republik der Strolche
|
| 264 |
|
1 |
|a Berlin
|b Verl. Neues Leben
|c 1959
|
| 300 |
|
|
|a 508 S.
|b Ill.
|
| 336 |
|
|
|a Text
|b txt
|2 rdacontent
|
| 337 |
|
|
|a ohne Hilfsmittel zu benutzen
|b n
|2 rdamedia
|
| 338 |
|
|
|a Band
|b nc
|2 rdacarrier
|
| 650 |
|
4 |
|a Straffälliger
|x Jugendlicher
|7 (dpeaa)DE-2619
|
| 650 |
|
4 |
|a Heimerziehung
|7 (dpeaa)DE-2619
|
| 651 |
|
7 |
|0 (DE-588)4077548-3
|0 (DE-627)104152052
|0 (DE-576)20920558X
|a Sowjetunion
|2 gnd
|7 (dpeaa)DE-2619
|
| 700 |
1 |
|
|a Panteleev, L.
|d 1908-1987
|0 (DE-588)119045338
|0 (DE-627)079835171
|0 (DE-576)21082994X
|4 oth
|
| 700 |
1 |
|
|a Remané, Lieselotte
|d 1914-2002
|e Übers.
|0 (DE-588)104524391
|0 (DE-627)525909508
|0 (DE-576)162699476
|4 oth
|
| 700 |
1 |
|
|a Binder, Eberhard
|d 1924-1998
|e Ill.
|0 (DE-588)120402556
|0 (DE-627)080653227
|0 (DE-576)165470720
|4 ill
|
| 700 |
1 |
2 |
|a Belych, Grigorij G.
|d 1906-1938
|t Respublika Škid <dt.>
|
| 889 |
|
|
|w (DE-576)080029442
|
| 889 |
|
|
|w (DE-627)173497101
|
| 889 |
|
|
|w (DE-627)444499806
|
| 889 |
|
|
|w (DE-627)1150029447
|
| 935 |
|
|
|a mkri
|
| 935 |
|
|
|i mdedup
|
| 936 |
r |
v |
|a DX 4500
|b Primärliteratur
|k Pädagogik
|k Jugendliteratur
|k Erzählungen für Jugendliche
|k Erzählungen mit geschichtlichem Hintergrund
|k Primärliteratur
|0 (DE-627)1272057038
|0 (DE-625)rvk/20322:227
|0 (DE-576)202057038
|
| 936 |
r |
v |
|a KK 8510
|b Sonstige
|k Slawistik
|k Russische Sprache und Literatur
|k Russische Literatur: 1917 bis Gegenwart
|k Einzelne Autoren
|k Sonstige
|0 (DE-627)1270889656
|0 (DE-625)rvk/77896:
|0 (DE-576)200889656
|
| 936 |
r |
v |
|a KK 6481
|b Primärliteratur
|k Slawistik
|k Russische Sprache und Literatur
|k Russische Literatur: 1917 bis Gegenwart
|k Einzelne Autoren
|k Autoren P
|k Panteleev, Aleksej Ivanovič
|k Primärliteratur
|0 (DE-627)1271034948
|0 (DE-625)rvk/77706:11642
|0 (DE-576)201034948
|
| 951 |
|
|
|a BO
|
| ELC |
|
|
|b 1
|
| LOK |
|
|
|0 000 xxxxxcx a22 zn 4500
|
| LOK |
|
|
|0 001 4196218016
|
| LOK |
|
|
|0 003 DE-627
|
| LOK |
|
|
|0 004 1115082639
|
| LOK |
|
|
|0 005 20221011145710
|
| LOK |
|
|
|0 008 221011||||||||||||||||ger|||||||
|
| LOK |
|
|
|0 035
|a (DE-2619)k03860
|
| LOK |
|
|
|0 040
|a DE-2619
|c DE-627
|d DE-2619
|
| LOK |
|
|
|0 092
|o n
|
| LOK |
|
|
|0 541
|e Bestand Albert-Krebs-Bibliothek: 2003-972
|
| LOK |
|
|
|0 852
|a DE-2619
|
| LOK |
|
|
|0 852 1
|c VG.30.080
|m p
|9 00
|
| LOK |
|
|
|0 935
|a kreb
|
| LOK |
|
|
|0 938
|k p
|
| LOK |
|
|
|0 939
|a 11-10-22
|b l01
|
| ORI |
|
|
|a SA-MARC-krimdoka001.raw
|